DWTS Winners - Statistics

General Stats
  • This quiz has been taken 24 times
  • The average score is 17 of 32
Answer Stats
Hint Answer % Correct
Season 19 Alfonso Ribeiro & Witney Carson
75%
Season 31 Charli D'amelio & Mark Ballas
75%
Season 30 Iman Shumpert & Daniella Karagach
75%
Season 32 Xochitl Gomez & Val Chmerkovskiy
75%
Season 26 Adam Rippon & Jenna Johnson
69%
Season 23 Laurie Hernandez & Val Chmerkovskiy
69%
Season 20 Rumer Willis & Val Chmerkovskiy
69%
Season 17 Amber Riley & Derek Hough
63%
Season 28 Hannah Brown & Alan Bersten
63%
Season 4 Apolo Anton Ohno & Julianne Hough
56%
Season 27 Bobby Bones & Sharna Burgess
56%
Season 7 Brooke Burke-Charvet & Derek Hough
56%
Season 3 Emmitt Smith & Cheryl Burke
56%
Season 5 Helio Castroneves & Julianne Hough
56%
Season 25 Jordan Fisher & Lindsay Arnold
56%
Season 29 Kaitlyn Bristowe & Artem Chigvintsev
56%
Season 16 Kellie Pickler & Derek Hough
56%
Season 10 Nicole Scherzinger & Derek Hough
56%
Season 8 Shawn Johnson and Mark Ballas
56%
Season 2 Drew Lachey and Cheryl Burke
50%
Season 11 Jennifer Grey & Derek Hough
50%
Season 1 Kelly Monaco and Alec Mazo
50%
Season 6 Kristi Yamaguchi & Mark Ballas
50%
Season 18 Meryl Davis & Maksim Chmerkovskiy
50%
Season 14 Donald Driver and Peta Murgatroyd
44%
Season 13 J.R. Martinez & Karina Smirnoff
44%
Season 22 Nyle DiMarco & Peta Murgatroyd
44%
Season 21 Bindie Irwin & Derek Hough
38%
Season 9 Donny Osmond & Kim Johnson
25%
Season 12 Hines Ward & Kim Johnson
25%
Season 15 Melissa Rycroft & Tony Dovolani
25%
Season 24 Rachad Jennings & Emma Slater
25%
No matching quizzes found
Score Distribution
Percent of People with Each Score
Percentile by Number Answered
Your Score History
You have not taken this quiz